000 00425nam a2200205Ia 4500
001 000117
003 YMCAF
005 20230512160007.0
008 100717s1970 ||||||||||||||||| ||und|d
024 _a117
035 _a116
040 _aYMCAF
_beng
_cIN-KoLT
041 _aeng
082 _aBAS-ZAM
100 _aZAMA Q.
245 0 _aBASIC EXTRIMENTAL ELECTRONICS
260 _c1970
300 _a113
942 _2ddc
_cBK
999 _c112
_d112